000 00325nam a2200133 i 4500
001 bg
100 1 _aJANKOWSKI, Aleksander
245 0 _aElementy systemów przetwarzania danych /
_cA. Jankowski.
260 _aGdańsk,
_c1980.
040 _cBPK
041 _apol
942 _cKS
008 s pl f |000 0 pol
999 _c20037
_d20037
856 _uhttp://koha.tu.koszalin.pl/cgi-bin/koha/opac-detail.pl?biblionumber=20037
_yKatalog online BPK